000
00291nmm a2200097Ia 4500
008
220120s9999||||xx |||||||||||||||||und||
020
_a
81-7656-351-X
100
_a
PCQ March 2010
245
0
_a
6 open source tools for linux, open file, visual cube
260
_a
Cyber tach publication
_b
New delhi
999
_c
139470
_d
139470